| 000 | 00456cam a22001337a 4500 | ||
|---|---|---|---|
| 008 | 180718b1970 xxu||||| |||| 00| 0 eng d | ||
| 082 | _aZx54 In2 | ||
| 100 | _aWorkshop on Small Farmers and Agricultural Labour (July 17-18, 1970: New Delhi) | ||
| 245 |
_aPapers _cby Planning Commission, Government of India |
||
| 260 |
_aNew Delhi _bPlanning Commission _c1970 |
||
| 300 | _a224p. | ||
| 650 | _aAgricultural laborers --India | ||
| 650 | _aFarms, Small --India | ||
| 999 |
_c491817 _d491817 |
||